Comprehensive textbook of nursing education : (Record no. 24697)
[ view plain ]
| 000 -LEADER | |
|---|---|
| fixed length control field | 00888nam a22002415a 4500 |
| 008 - FIXED-LENGTH DATA ELEMENTS--GENERAL INFORMATION | |
| fixed length control field | 170424t2017 ii a frbd 001 0 eng d |
| 020 ## - INTERNATIONAL STANDARD BOOK NUMBER | |
| International Standard Book Number | 9789385999161 |
| 040 ## - CATALOGING SOURCE | |
| Original cataloging agency | EG-ScBUE |
| Language of cataloging | eng |
| Transcribing agency | EG-ScBUE |
| Modifying agency | EG-ScBUE |
| 082 04 - DEWEY DECIMAL CLASSIFICATION NUMBER | |
| Edition number | 22 |
| Classification number | 610.73 |
| Item number | SOD |
| 100 1# - MAIN ENTRY--PERSONAL NAME | |
| Personal name | Sodhi, Jaspreet Kaur. |
| 245 10 - TITLE STATEMENT | |
| Title | Comprehensive textbook of nursing education : |
| Remainder of title | as per INC syllabus / |
| Statement of responsibility, etc | Jaspreet Kaur Sodhi ; forword Surjeet Kaur. |
| 260 ## - PUBLICATION, DISTRIBUTION, ETC. (IMPRINT) | |
| Place of publication, distribution, etc | New Delhi : |
| Name of publisher, distributor, etc | The Health Sciences Publisher, |
| Date of publication, distribution, etc | c.2017. |
| 300 ## - PHYSICAL DESCRIPTION | |
| Extent | xvii, 605 p. : |
| Other physical details | ill. ; |
| Dimensions | 28 cm. |
| 500 ## - GENERAL NOTE | |
| General note | Glossary : p. 593-594. |
| 500 ## - GENERAL NOTE | |
| General note | Index : p. 595-605. |
| 504 ## - BIBLIOGRAPHY, ETC. NOTE | |
| Bibliography, etc | Includes bibliographical references. |
| 650 #7 - SUBJECT ADDED ENTRY--TOPICAL TERM | |
| Source of heading or term | BUEsh |
| 9 (RLIN) | 36329 |
| Topical term or geographic name as entry element | Nursing |
| General subdivision | Study and teaching. |
| 650 #7 - SUBJECT ADDED ENTRY--TOPICAL TERM | |
| Source of heading or term | BUEsh |
| Topical term or geographic name as entry element | Nursing |
| 9 (RLIN) | 37366 |
| General subdivision | Psychological aspects. |
| 651 ## - SUBJECT ADDED ENTRY--GEOGRAPHIC NAME | |
| Source of heading or term | BUEsh |
| 653 ## - INDEX TERM--UNCONTROLLED | |
| Resource For college | Nursing |
| Arrived date list | April2017 |
| 700 1# - ADDED ENTRY--PERSONAL NAME | |
| Personal name | Kaur, Surjeet, |
| Relator term | author of introduction, etc. |
| 942 ## - ADDED ENTRY ELEMENTS (KOHA) | |
| Source of classification or shelving scheme | Dewey Decimal Classification |
| Withdrawn status | Item status | Source of classification or shelving scheme | Damaged status | Not for loan | Vendor | Home library | Current library | Shelving location | Date acquired | Source of acquisition | Cost, normal purchase price | Serial Enumeration / chronology | Total Checkouts | Full call number | Barcode | Date last seen | Cost, replacement price | Koha item type |
|---|---|---|---|---|---|---|---|---|---|---|---|---|---|---|---|---|---|---|
| Dewey Decimal Classification | ايمك | Central Library | Central Library | First floor | 24/04/2017 | Purchase | 350.00 | 3673 | 610.73 SOD | 000041684 | 15/07/2025 | 437.50 | Book - Borrowing |